Agua y modo de producción
Gespeichert in:
| Hauptverfasser: | , |
|---|---|
| Format: | Buch |
| Sprache: | Spanisch |
| Veröffentlicht: |
Barcelona
Crítica
1990
|
| Schriftenreihe: | Crítica. Historia del Mundo Moderno
|
| Schlagworte: | |
| Tags: |
Tag hinzufügen
Keine Tags, Fügen Sie den ersten Tag hinzu!
|
MARC
| LEADER | 00000nam a2200000 a 4500 | ||
|---|---|---|---|
| 001 | UCL1603 | ||
| 003 | CL-VaPUC | ||
| 008 | 030911e19900000SP |||||||||||||||||spa|d | ||
| 020 | |a 8474234794 | ||
| 082 | 0 | 4 | |a 363.61 |b PER |2 21 |
| 100 | 0 | |a Pérez Picazo, María Teresa |e author |9 478465 | |
| 700 | 0 | |a Lemeunier, Guy |e author |9 478466 | |
| 245 | 1 | 0 | |a Agua y modo de producción |
| 300 | |a 351 p | ||
| 942 | |c BK | ||
| 945 | |d 20030911 00:00:00 |a cmena | ||
| 260 | |a Barcelona |b Crítica |c 1990 | ||
| 650 | 0 | |a Abastecimiento de agua |9 260374 | |
| 650 | 0 | |a Problemas sociales |9 258537 | |
| 650 | 0 | |a Derecho de aguas |9 257148 | |
| 650 | 0 | |a Agua potable |9 260375 | |
| 650 | 0 | |a Historia |9 255047 | |
| 583 | |a last modification |c 20030911 00:00:00 |k Rodrigo Vera | ||
| 490 | 0 | |a Crítica. Historia del Mundo Moderno | |
| 999 | |c 305100 |d 305098 | ||
| 952 | |0 0 |1 0 |4 0 |6 363_610000000000000_PER_1990 |7 0 |8 A |9 368071 |a BIBHIS |b BIBHIS |d 2019-11-21 |i 3907228 |o 363.61 PER 1990 |p 3907228 |r 2025-01-20 |w 2019-11-21 |y BK |k HIS | ||